000 00512nam a2200181Ia 4500
005 20250326142924.0
008 250326s9999 xx 000 0 und d
037 _aTextbook
040 _aFMSL
_beng
_cFMSL
041 _aeng
_2eng
084 _aX:74 M4
_qFMSL
100 _aAnsoff H I
245 0 _aImplanting Strategic Management
_cAnsoff H I
260 _aNew Jersey
_bNew Jersey, Prentice Hall International
_c1984
300 _axviii,510
942 _cTB
_hX:74 M4
999 _c1297278
_d1297278